000 00913nam a22002417a 4500
008 240625b mp ||||| |||| 00| 0 mon d
020 _a978-99973-1-794-0
035 _a21164
040 _aGA0182080
_bmon
_cMN-UlNLM
_dMN-UlNLM
_erda
041 _amon
042 _a95266
084 _2NNA
_a84(4)
_bЭ.79
100 _aКэстнер Э.
245 0 _aЛотте, Луизе хоёр
264 _aУлаанбаатар
_bМонсудар
_c2019
300 _a188х.
336 _2rdacontent
_atext
_btxt
337 _2rdamedia
_aunmediated
_bn
338 _2rdacarrier
_avolume
_bnc
490 _aГайхамшгийн эрэлд
650 _aНэрт зохиолч, яруу найрагч Эрих Кастнер нь 1960 онд бага насныхаа намтар зохиолоор Ханс Кристиан Андерсений шагналыг хүртсэн бөг...
942 _2NNA
_cBK
999 _c1042840
_d1042897